Tilastot visalle Mauritania-visa

Klikkaa tästä pelataksesi tätä visaa!

Yleistilastot

  • Tätä visaa on pelattu 171 kertaa
  • Keskiarvotulos 11 / 18

Vastaustilastot

VihjeVastaus% Oikein
NaapurimaatMali
97%
Valtio, josta Mauritania itsenäistyi 1960Ranska
95%
NaapurimaatAlgeria
94%
Aavikko, joka peittää suurimman osan MauritaniastaSahara
94%
NaapurimaatSenegal
92%
Virallinen kieliArabia
89%
Kiistanalainen alue, joka sijaitsee Mauritanian luoteispuolellaLänsi-Sahara
82%
Maan nimen merkitys{Maurien} maa
76%
PääkaupunkiNouakchott
75%
Metalli, joka kattaa 45 % viennistäRauta
73%
Virallisesti vuonna 1981 kielletty toiminta, joka on kuitenkin yhä erittäin yleistäOrjuus
68%
Pohjois-Afrikan alue, johon Mauritania kuuluuMaghreb
52%
Pääkaupungin nimen merkitys{Tuulten} paikka
36%
ValuuttaOuguiya
32%
Toiseksi suurin kaupunki, tunnettu aiemmin nimellä Port-ÉtienneNouadhibou
29%
Adranin tasangolla sijaitseva erikoinen ympyränmuotoinen muodostumaRichatin rakennelma
22%
Yllä olevaa runsaasti tuottava kaupunki, joka on myös maan ainoan rautatien päätepisteZouérat
21%
Mauritanian suurin etninen ryhmäSahrawit
18%

Tulosjakauma

Persentiili vastausten määrän mukaan

Jokaisen tuloksen saaneiden osuus

Tuloshistoriasi

Et ole pelannut tätä visaa